Normal view
MARC view
- Manoj Kurian
Entry Personal Name
001 - CONTROL NUMBER
- control field: 2776
003 - CONTROL NUMBER IDENTIFIER
- control field: OSt
005 - DATE AND TIME OF LATEST TRANSACTION
- control field: 20180207154252.0
008 - FIXED-LENGTH DATA ELEMENTS
- fixed length control field: 180207|| aca||aabn | a|a d
040 ## - CATALOGING SOURCE
- Original cataloging agency: OSt
- Transcribing agency: OSt
100 ## - HEADING--PERSONAL NAME
- Personal name: Manoj Kurian
670 ## - SOURCE DATA FOUND
- Source citation: Work cat.: (OSt): HEMA R 2775, Constant head permeameter formula dependence on the alpha parameter
